• AIU
  • Tony Wilmot Memorial Library

A new Arabic grammar of the written language, (Record no. 37360)

MARC details
000 -LEADER
fixed length control field 00952nam a22002891a 4500
001 - CONTROL NUMBER
control field 6097217
005 - DATE AND TIME OF LATEST TRANSACTION
control field 20110718132448.0
008 - FIXED-LENGTH DATA ELEMENTS--GENERAL INFORMATION
fixed length control field 770824s1962 xx 000 0 eng
010 ## - LIBRARY OF CONGRESS CONTROL NUMBER
LC control number 62006908
035 ## - SYSTEM CONTROL NUMBER
-- (DLC) 62006908
035 ## - SYSTEM CONTROL NUMBER
System control number (OCoLC)3216196
040 ## - CATALOGING SOURCE
Original cataloging agency DLC
Transcribing agency OC
Modifying agency DLC
041 0# - LANGUAGE CODE
Language code of text/sound track or separate title engara
042 ## - AUTHENTICATION CODE
Authentication code premarc
050 00 - LIBRARY OF CONGRESS CALL NUMBER
Classification number PJ6307
Item number .H36 1962
082 ## - DEWEY DECIMAL CLASSIFICATION NUMBER
Classification number PJ 6307.H36 1965
100 1# - MAIN ENTRY--PERSONAL NAME
Personal name Haywood, John A.
245 02 - TITLE STATEMENT
Title A new Arabic grammar of the written language,
Statement of responsibility, etc by J. A. Haywood and H. M. Nahmad.
Medium [Text]
260 ## - PUBLICATION, DISTRIBUTION, ETC. (IMPRINT)
Place of publication, distribution, etc Cambridge
Name of publisher, distributor, etc Harvard University Press
Date of publication, distribution, etc 1962
300 ## - PHYSICAL DESCRIPTION
Extent 687 p. 19 cm.
500 ## - GENERAL NOTE
General note "Replaces the sixth edition of Thatcher's Arabic grammar."
650 #0 - SUBJECT ADDED ENTRY--TOPICAL TERM
Topical term or geographic name as entry element Arabic language
General subdivision Grammar
700 1# - ADDED ENTRY--PERSONAL NAME
Personal name Nahmad, H. M.,
Relator term joint author.
906 ## - LOCAL DATA ELEMENT F, LDF (RLIN)
a 7
b cbc
c oclcrpl
d u
e ncip
f 19
g y-gencatlg
985 ## -
-- OCLC REPLACEMENT cdsdistr
991 ## -
-- c-GenColl
-- PJ6307
-- .H36 1962
-- 00004139458
-- Copy 1
-- OCLCREP
Holdings
Withdrawn status Lost status Source of classification or shelving scheme Damaged status Not for loan Collection code Home library Current library Shelving location Date acquired Source of acquisition Cost, normal purchase price Total Checkouts Total Renewals Full call number Barcode Date last seen Date checked out Copy number Price effective from Koha item type
    Library of Congress Classification     General Circulation AIU/NEGST - Tony Wilmot Memorial Library AIU/NEGST - Tony Wilmot Memorial Library General Stacks 10/23/2009 Purchase- Promove Media 6188.00 1 1 PJ 6307.H36 1965 R56103N3232 09/26/2019 09/07/2018 1 10/23/2009 Books
    Library of Congress Classification     General Circulation AIU/NEGST - Tony Wilmot Memorial Library AIU/NEGST - Tony Wilmot Memorial Library General Stacks 10/23/2009 Purchase- Promove Media 6188.00     PJ 6307.H36 1965 R56104P3232 09/26/2019   1 10/23/2009 Books